000 00791nam a22002537a 4500
005 20250319162311.0
008 250319b |||||||| |||| 00| 0 eng d
020 _a 9789391211042
037 _cTB
040 _aLCT
_cLCT
041 _2eng
_geng
_heng
084 _aZ:f R3
245 _aLegal research and writing :
_b new perspectives/
260 _aGurgaon, India:
_bLexis Nexis,
_c2023
300 _axxxv, 460p.
650 _aLegal composition
_9747398
650 _aLegal research India
_9747399
650 _aLaw
650 _aResearch Methodology
_9237789
650 _aResearch writing
_9747400
700 _a Sinha, Manoj Kumar, ed.
_9747401
700 _aKharb, Deepa, ed.
_9747402
942 _2CC
_cTB
_hZ:f R3
_n0
999 _c1269177
_d1269177